どこの「みよし」? - Statistics

General Stats
  • This quiz has been taken 47 times
  • The average score is 7 of 12
Answer Stats
Hint Explanation Answer % Correct
スイッチバックする駅がある 坪尻駅がある 三好市
75%
2010年に市制 みよし市
75%
面積が県内最大の市町村 三好市
73%
江の川やその支流が流れる 三次市
73%
高校がない 三芳町
70%
祖谷渓がある 三好市
68%
市町村内に駅はない 三芳町
68%
人口は3万人未満
三好市:約2.0万人
三次市:約4.6万人
みよし市:約6.1万人
三芳町:約3.8万人
三好市
45%
国道が1つしか通っていない 国道153号のみ みよし市
30%
真空ジェシカ・川北茂澄さんの出身地 や団・中嶋享さんも三芳町出身 三芳町
30%
パーキングエリアはない みよし市
25%
職業能力開発校がある 三次市
20%
No matching quizzes found
Score Distribution
Percent of People with Each Score
Percentile by Number Answered
Your Score History
You have not taken this quiz